Least Famous Presidents - Statistics

General Stats
  • This quiz has been taken 219 times
  • The average score is 8 of 10
Answer Stats
Hint Answer % Correct
40% Franklin Pierce
88%
41% Millard Fillmore
86%
45% John Tyler
85%
46% Zachary Taylor
85%
46% Martin Van Buren
84%
39% Chester A. Arthur
83%
43% James Buchanan
83%
39% Rutherford B. Hayes
80%
42% Warren Harding
75%
47% William McKinley
69%
No matching quizzes found
Score Distribution
Percent of People with Each Score
Percentile by Number Answered
Your Score History
You have not taken this quiz